000 00450nam a2200181Ia 4500
001 3782
005 20260306145708.0
008 260306t2006||||xx |||||||||||||| ||spa||
041 _aESP
082 _a303.4
_bK38
100 _aEamonn, Kelly
_eAUT
245 0 _aLa década decisiva:
_btres escenarios para el futuro del mundo
260 _c2006
300 _a440 páginas :
_c23 cm.
650 _aGEN
654 _aCHU
942 _cLIB
_dJUS
_fJUS
_2ddc
_n
999 _c3782
_d3782